[Event "GER GM05-B email"]
[Site "GER email"]
[Date "2016.06.26"]
[Round "?"]
[White "Staroske, Uwe"]
[Black "Pappier, Carlos Guillermo"]
[Result "1/2-1/2"]
[WhiteElo "2514"]
[BlackElo "2512"]
[PlyCount "62"]
[EventDate "2016.??.??"]
[EventType "tourn (corr)"]
[EventRounds "13"]
[EventCountry "GER"]
[SourceTitle "Corr 2017"]
[Source "ChessBase"]
[SourceDate "2017.09.19"]
[SourceVersion "1"]
[SourceVersionDate "2017.09.19"]
[SourceQuality "1"]

1. e4 e6 2. d4 d5 3. Nc3 Nf6 4. e5 Nfd7 5. f4 c5 6. Nf3 Nc6 7. Be3 a6 8. Qd2 b5 9. a3 Qa5 10. Ra2 Qb6 11. Ne2 b4 12. axb4 Nxb4 13. Ra1 Nc6 14. b3 Bb7 15. g3 a5 16. Bg2 Ba6 17. Kf2 Bxe2 18. Kxe2 g5 19. dxc5 Bxc5 20. Nxg5 Bxe3 21. Qxe3 Nd4+ 22. Kd1 Qc5 23. Qd2 Ke7 24. Nf3 Nb5 25. f5 Rhc8 26. fxe6 fxe6 27. c4 dxc4 28. Rc1 c3 29. Qg5+ Ke8 30. Ke2 c2 31. Rhe1 Nc3+ 1/2-1/2

[Event "WC-2011-F-00001"]
[Site "LSS email"]
[Date "2011.11.23"]
[Round "?"]
[White "Haug, Ulrich"]
[Black "Pappier, Carlos Guillermo"]
[Result "1/2-1/2"]
[WhiteElo "2413"]
[BlackElo "2480"]
[PlyCount "92"]
[EventDate "2011.12.01"]
[EventType "tourn (corr)"]
[EventRounds "14"]
[EventCountry "GER"]
[SourceTitle "Telechess CBM 163"]
[Source "ChessBase"]
[SourceDate "2014.11.11"]
[SourceVersion "2"]
[SourceVersionDate "2014.11.11"]
[SourceQuality "1"]

1. e4 c5 2. Nf3 d6 3. d4 cxd4 4. Nxd4 Nf6 5. Nc3 a6 6. Bg5 Nbd7 7. Bc4 Qb6 8. Bb3 e6 9. 0-0 Be7 10. a4 Nc5 11. Re1 h6 12. Be3 Qc7 13. Qf3 0-0 14. Ba2 b6 15. Bd2 Bb7 16. b4 Ncd7 17. Qh3 Ne5 18. f4 Nc6 19. Nxc6 Qxc6 20. f5 exf5 21. Nd5 Nxd5 22. Bxd5 Qc7 23. Bxb7 Qxb7 24. exf5 Rac8 25. Bxh6 Bf6 26. Qg4 Qd7 27. Rad1 Rfe8 28. c4 Rxe1+ 29. Rxe1 Re8 30. Rf1 d5 31. cxd5 Qxd5 32. Rd1 Qa8 33. Bg5 Re4 34. Qg3 Bd4+ 35. Kh1 a5 36. bxa5 Qxa5 37. Rc1 Qxf5 38. Qf3 Qxf3 39. gxf3 Re2 40. Bd8 Rb2 41. Bc7 f6 42. Rd1 Bc5 43. Bd6 Be3 44. Rd3 Bf2 45. Bg3 Bc5 46. Bd6 Bxd6 1/2-1/2

[Event "WC-2011-F-00001"]
[Site "LSS email"]
[Date "2011.11.23"]
[Round "?"]
[White "Laghetti, Gaetano"]
[Black "Pappier, Carlos Guillermo"]
[Result "1/2-1/2"]
[WhiteElo "2402"]
[BlackElo "2480"]
[PlyCount "94"]
[EventDate "2011.12.01"]
[EventType "tourn (corr)"]
[EventRounds "14"]
[EventCountry "GER"]
[SourceTitle "Telechess CBM 163"]
[Source "ChessBase"]
[SourceDate "2014.11.11"]
[SourceVersion "2"]
[SourceVersionDate "2014.11.11"]
[SourceQuality "1"]

1. d4 Nf6 2. c4 g6 3. Nc3 d5 4. cxd5 Nxd5 5. e4 Nxc3 6. bxc3 c5 7. Nf3 Bg7 8. Rb1 0-0 9. Be2 Nc6 10. d5 Ne5 11. Nxe5 Bxe5 12. Qd2 e6 13. f4 Bc7 14. 0-0 exd5 15. exd5 Ba5 16. f5 Bxf5 17. Rxb7 Qd6 18. Bc4 Qe5 19. Rf3 Rfb8 20. Rxb8+ Rxb8 21. d6 Be6 22. Bxe6 fxe6 23. Qf4 Qxf4 24. Bxf4 c4 25. Kf2 Bb6+ 26. Kg3 Bc5 27. Rf1 Rd8 28. Rd1 Kf7 29. d7 e5 30. Bxe5 Ke6 31. Kf4 Rxd7 32. Rxd7 Kxd7 33. Ke4 Ke6 34. Bd4 Bd6 35. Bxa7 Bxh2 36. a4 Be5 37. Bd4 Bc7 38. Bc5 h5 39. Kd4 g5 40. Kxc4 Bg3 41. a5 Kd7 42. Kd5 h4 43. a6 Kc7 44. Ke4 g4 45. Be3 h3 46. gxh3 gxh3 47. Kf3 Be5 1/2-1/2

[Event "WC-2011-F-00001"]
[Site "LSS email"]
[Date "2011.11.23"]
[Round "?"]
[White "Pappier, Carlos Guillermo"]
[Black "Loinjak, Sinisa"]
[Result "1/2-1/2"]
[WhiteElo "2480"]
[BlackElo "2554"]
[PlyCount "66"]
[EventDate "2011.12.01"]
[EventType "tourn (corr)"]
[EventRounds "14"]
[EventCountry "GER"]
[SourceTitle "Telechess CBM 163"]
[Source "ChessBase"]
[SourceDate "2014.11.11"]
[SourceVersion "2"]
[SourceVersionDate "2014.11.11"]
[SourceQuality "1"]

1. d4 Nf6 2. c4 e6 3. Nf3 d5 4. Nc3 c6 5. Bg5 dxc4 6. e4 b5 7. e5 h6 8. Bh4 g5 9. Bg3 Nd5 10. Nd2 Qa5 11. Nde4 b4 12. Na4 c3 13. b3 Ba6 14. Bxa6 Nxa6 15. 0-0 h5 16. h4 Be7 17. Nd6+ Kd7 18. Qe2 gxh4 19. Bh2 Ndc7 20. Nc4 Qb5 21. a3 Nd5 22. axb4 Naxb4 23. Rfc1 c2 24. Rxc2 Nxc2 25. Qxc2 Nb4 26. Qe4 Na6 27. Qf3 Rab8 28. Nc3 Qxb3 29. Nd2 Qb6 30. Bf4 Nc7 31. Nde4 Qb2 32. Ra2 Qb6 33. Ra1 Qb2 1/2-1/2

[Event "WC-2011-F-00001"]
[Site "LSS email"]
[Date "2011.11.23"]
[Round "?"]
[White "Pappier, Carlos Guillermo"]
[Black "Schuster, Peter"]
[Result "0-1"]
[WhiteElo "2480"]
[BlackElo "2391"]
[PlyCount "126"]
[EventDate "2011.12.01"]
[EventType "tourn (corr)"]
[EventRounds "14"]
[EventCountry "GER"]
[SourceTitle "Telechess CBM 163"]
[Source "ChessBase"]
[SourceDate "2014.11.11"]
[SourceVersion "2"]
[SourceVersionDate "2014.11.11"]
[SourceQuality "1"]

1. c4 e5 2. g3 c6 3. d4 e4 4. Nc3 d5 5. Nh3 Bb4 6. Bg2 Nf6 7. 0-0 0-0 8. Qb3 Bxc3 9. bxc3 h6 10. f3 exf3 11. exf3 dxc4 12. Qxc4 Be6 13. Qd3 b5 14. Re1 Nbd7 15. Nf2 Re8 16. Ne4 Nb6 17. Be3 a5 18. Bf2 Bf5 19. Qd2 Bg6 20. Rad1 Nc4 21. Qc1 Nd5 22. Nc5 Qg5 23. f4 Qf5 24. a4 f6 25. Bf1 Bf7 26. Bg2 Bh5 27. Rxe8+ Rxe8 28. Re1 Rxe1+ 29. Qxe1 Bf7 30. Be4 Qh5 31. Bg2 Ncb6 32. axb5 cxb5 33. Bf1 Nc4 34. Be2 Qg6 35. Bd3 Qg4 36. Be2 Qc8 37. Bf1 Nc7 38. Be3 a4 39. Bc1 a3 40. Bxc4 Bxc4 41. Bxa3 Qa8 42. Bb4 Qf3 43. f5 Bd5 44. Qf1 Qh1+ 45. Kf2 Qxh2+ 46. Ke1 Qxg3+ 47. Qf2 Qg4 48. Kd2 Bc4 49. Nd3 Nd5 50. Ne1 Qg5+ 51. Kc2 Ne3+ 52. Kc1 Nxf5+ 53. Kb2 Ne3 54. Kc1 Bd5 55. Bd6 Nc4+ 56. Bf4 Qf5 57. Bg3 Qe4 58. Qf4 Qe7 59. Kd1 Qa3 60. Ke2 Qb2+ 61. Kf1 Nd2+ 62. Kg1 Qxc3 63. Qb8+ Kh7 0-1